000 00894nas a2200289 4500
001 BR2015005012
003 BR-BrBNA
005 20231205125734.0
007 ta
008 230509b bl.|||p| |||| 00| 00por d
040 _aBR-BrBNA
_bpor
_cBiblioteca Nacional de Agricultura
041 _a(En)
072 _aQ04 ; F30
100 1 _aArtioli-Coelho, F.A.
100 1 _aPaiva, R.
100 1 _aSilva, L.C.
100 1 _aBarbosa, S.
100 1 _aBeijo, L.A.
245 1 _aVitamin C and total phenols quantification in calli of native passion fruit induced by combinations of Picloram and Kinetin
650 _aMARACUJA
650 _aVITAMINA C
650 _aESPECIE NATIVA
650 _aPLANTA MEDICINAL
773 0 _tCiência Rural (Brazil)
_xISSN 0103-8478
_g(Aug 2015), v. 45(8) p. 1459-1465
_wBR2015005012
909 _a202311
_bLúcia
_c55
_dLúcia Elande
942 _2AGRIS
_n0
_cANA
999 _c245865
_d245865